|
|
|
|
| LEADER |
01774nam a2200445 i 4500 |
| 001 |
EBC1986664 |
| 003 |
MiAaPQ |
| 005 |
20200520144314.0 |
| 006 |
m o d | |
| 007 |
cr cnu|||||||| |
| 008 |
140814t20142014enka o 001 0 eng d |
| 020 |
|
|
|z 9781472910295
|
| 020 |
|
|
|a 9781472910318 (e-book)
|
| 020 |
|
|
|z 9781472910301 (e-pub)
|
| 035 |
|
|
|a (MiAaPQ)EBC1986664
|
| 035 |
|
|
|a (Au-PeEL)EBL1986664
|
| 035 |
|
|
|a (CaPaEBR)ebr10902076
|
| 035 |
|
|
|a (CaONFJC)MIL631988
|
| 035 |
|
|
|a (OCoLC)886523467
|
| 040 |
|
|
|a MiAaPQ
|b eng
|e rda
|e pn
|c MiAaPQ
|d MiAaPQ
|
| 050 |
|
4 |
|a BD241
|b .K475 2014
|
| 082 |
0 |
|
|a 658
|2 23
|
| 100 |
1 |
|
|a Khristenko, V. B.,
|e author.
|
| 245 |
1 |
0 |
|a Methodological school of management /
|c V.B. Khristenko ; A.G. Reus ; A. P. Zinchenko.
|
| 264 |
|
1 |
|a London, England :
|b Bloomsbury,
|c 2014.
|
| 264 |
|
4 |
|c 2014
|
| 300 |
|
|
|a 1 online resource (986 pages) :
|b illustrations, (some color)
|
| 336 |
|
|
|a text
|2 rdacontent
|
| 337 |
|
|
|a computer
|2 rdamedia
|
| 338 |
|
|
|a online resource
|2 rdacarrier
|
| 500 |
|
|
|a Includes index.
|
| 588 |
|
|
|a Description based on online resource; title from PDF title page (ebrary, viewed, August 14, 2014).
|
| 590 |
|
|
|a Electronic reproduction. Ann Arbor, MI : ProQuest, 2015. Available via World Wide Web. Access may be limited to ProQuest affiliated libraries.
|
| 650 |
|
0 |
|a Management
|x Methodology.
|
| 655 |
|
4 |
|a Electronic books.
|
| 700 |
1 |
|
|a Reus, A. G.,
|e author.
|
| 700 |
1 |
|
|a Zinchenko, A. P.,
|e author.
|
| 776 |
0 |
8 |
|i Print version:
|a Khristenko, V. B.
|t Methodological school of management.
|d London, England : Bloomsbury, c2014
|h xxxvii, 945 pages
|z 9781472910295
|
| 797 |
2 |
|
|a ProQuest (Firm)
|
| 856 |
4 |
0 |
|u https://ebookcentral.proquest.com/lib/matrademy/detail.action?docID=1986664
|z Click to View
|